| Поле | Название | Значение |
| |
Тип записи |
a |
| |
Библиографический уровень |
m |
| 001 |
Контрольный номер |
RU/URAIT/583130 |
| 005 |
Дата корректировки |
20260429163641.5 |
| 008 |
Кодируемые данные |
260429s2026 RU y f j 000 0 rus u |
| 020 |
Индекс ISBN |
__ |
| a |
ISBN |
978-5-534-00490-8 |
| c |
Цена, тираж |
1549.00 |
| 040 |
Источник каталогиз. |
__ |
| a |
Служба первич. каталог. |
ИКО Юрайт |
| c |
Служба, преобразующая запись |
ИКО Юрайт |
| e |
Правила каталог. |
RCR |
| 041 |
Код языка издания |
__ |
| a |
Код языка текста |
rus |
| 044 |
Код страны публикации |
__ |
| a |
Код страны публикации |
RU |
| 080 |
Индекс УДК |
__ |
| a |
Индекс УДК |
338.24(075.8) |
| 084 |
Индекс другой классификации/Индекс ББК |
__ |
| 2 |
Источник индекса |
rubbk |
| a |
Индекс другой классификации/Индекс ББК |
65.050я73 |
| 100 |
Автор |
__ |
| a |
Автор |
Зуб А. Т. |
| q |
Полное имя |
Зуб Анатолий Тимофеевич |
| 245 |
Заглавие |
__ |
| a |
Заглавие |
Управление изменениями |
| b |
Продолж. заглавия |
учебник и практикум для вузов |
| c |
Ответственность |
А. Т. Зуб. |
| 256 |
Характеристики компьютерного файла |
__ |
| a |
Характеристики компьютерного файла |
Электрон. дан. |
| 260 |
Выходные данные |
__ |
| a |
Место издания |
Москва |
| b |
Издательство |
Юрайт |
| c |
Дата издания |
2026 |
| 300 |
Физическое описание |
__ |
| a |
Объем |
284 с |
| 440 |
Серия |
__ |
| a |
Серия |
Высшее образование |
| 500 |
Примечания |
__ |
| a |
Примечание |
URL: https://urait.ru/bcode/583130 (дата обращения: 29.04.2026). |
| 520 |
Аннотация |
__ |
| a |
Аннотация |
Задача учебника — содействовать развитию функции управления организационными изменениями у будущих менеджеров. Для этого в издании рассматриваются основные концепции проведения изменений, с позиций системного подхода анализируются факторы изменений и приводятся методики диагностики организационных проблем. Приводятся основные теории проведения изменений и рассматриваются методы их осуществления, в частности системная стратегия и организационное развитие. Ключевым вопросом управления изменениями является поведение людей, поэтому значительное место отводится анализу человеческого фактора — преодолению сопротивления изменениям, мотивации персонала в условиях изменений, формированию команды изменений. |
| 538 |
Прим. о системных особенностях |
__ |
| a |
Прим. о системных особенностях |
Режим доступа: Электронно-библиотечная система Юрайт, для авториз. пользователей |
| 653 |
Ключевые слова |
__ |
| a |
Ключевые слова |
Управленческая деятельность |
| 653 |
Ключевые слова |
__ |
| a |
Ключевые слова |
Менеджмент |
| 653 |
Ключевые слова |
__ |
| a |
Ключевые слова |
Управление изменениями |
| 653 |
Ключевые слова |
__ |
| a |
Ключевые слова |
Управление изменениями. Общие вопросы |
| 856 |
Электронный адрес документа |
40 |
| n |
Местонахождение сервера |
Юрайт |
| g |
|
Электронная книга |
| q |
Тип электронного формата |
html |
| h |
Имя пользователя |
ЮРАЙТ |
| v |
Часы доступа к ресурсу |
20271231 |
| 2 |
Способ доступа |
Показать документ |
| x |
Служебное примечание |
https://urait.ru/book/cover/7E8F994C-EF12-441A-A964-2831533AB4DC |
| u |
URL |
https://urait.ru/bcode/583130 |
| 856 |
Электронный адрес документа |
48 |
| q |
Тип электронного формата |
cover |
| u |
URL |
https://urait.ru/book/cover/7E8F994C-EF12-441A-A964-2831533AB4DC |
| 911 |
|
__ |
| u |
|
0030=https://urait.ru/bcode/583130 |
| 911 |
|
__ |
| u |
|
073a=9785534004908 |
| u |
|
073d=1549.00 |
| 911 |
|
__ |
| u |
|
106a=s |
| 911 |
|
__ |
| u |
|
900l= |
| 952 |
Тип литературы |
__ |
| i |
Дисциплина |
Управление изменениями |
| 952 |
Тип литературы |
__ |
| i |
Дисциплина |
Управление изменениями. Общие вопросы |